Underpinning (Record no. 546503)

000 -LEADER
fixed length control field 00393nam a22001577a 4500
020 ## - INTERNATIONAL STANDARD BOOK NUMBER
International Standard Book Number 0903384493
082 ## - DEWEY DECIMAL CLASSIFICATION NUMBER
Classification number 624.16
Author Mark UND
-- L-14,P-165
100 ## - MAIN ENTRY--PERSONAL NAME
Personal name Thorburn S
9 (RLIN) 42648
110 ## - MAIN ENTRY--CORPORATE NAME
Corporate name or jurisdiction name as entry element Surrey University Press London
9 (RLIN) 42649
245 ## - TITLE STATEMENT
Title Underpinning
260 ## - PUBLICATION, DISTRIBUTION, ETC.
Place of publication, distribution, etc. London
300 ## - PHYSICAL DESCRIPTION
Extent 296p.:
Other physical details ill.;
526 ## - STUDY PROGRAM INFORMATION NOTE
Program name 0
Interest level 0
Reading level 0
Title point value 624_160000000000000_UND
650 ## - SUBJECT ADDED ENTRY--TOPICAL TERM
Topical term or geographic name entry element MCE
9 (RLIN) 379
942 ## - ADDED ENTRY ELEMENTS (KOHA)
Source of classification or shelving scheme
Koha item type Book
Holdings
Withdrawn status Lost status Source of classification or shelving scheme Damaged status Not for loan Permanent Location Current Location Date acquired Total Checkouts Full call number Barcode Date last seen Price effective from Koha item type
          Military College of Engineering (MCE) Military College of Engineering (MCE) 06/12/2014   624.16 UND MCE-25508 06/12/2014 06/12/2014 Book
© 2023 Central Library, National University of Sciences and Technology. All Rights Reserved.